รายงานการพิจารณาร่างพระราชบัญญัติเงินเดือน เงินวิทยฐานะ และเงินประจำตำแหน่งข้าราชการครูและบุคลากรทางการศึกษา พ.ศ..... ของคณะกรรมาธิการวิสามัญพิจารณาร่างพระราชบัญญัติระเบียบข้าราชการครูและบุคลากรทางการศึกษา พ.ศ..... (ระเบียนเลขที่ 42070)
| 000 -LEADER | |
|---|---|
| fixed length control field | 02620nam a22002777a 4500 |
| 003 - CONTROL NUMBER IDENTIFIER | |
| control field | NALT |
| 005 - DATE AND TIME OF LATEST TRANSACTION | |
| control field | 20251125232941.0 |
| 008 - FIXED-LENGTH DATA ELEMENTS--GENERAL INFORMATION | |
| fixed length control field | s2547 th tha d |
| 040 ## - CATALOGING SOURCE | |
| Original cataloging agency | NALT |
| 041 ## - LANGUAGE CODE | |
| Language code of text/sound track or separate title | tha |
| 090 ## - LOCALLY ASSIGNED LC-TYPE CALL NUMBER (OCLC); LOCAL CALL NUMBER (RLIN) | |
| Classification number (OCLC) (R) ; Classification number, CALL (RLIN) (NR) | KQ 24 |
| Local cutter number (OCLC) ; Book number/undivided call number, CALL (RLIN) | ว872ร 2547 |
| 110 0# - MAIN ENTRY--CORPORATE NAME | |
| Corporate name or jurisdiction name as entry element | สำนักงานเลขาธิการวุฒิสภา. สำนักกรรมาธิการ 3 |
| 245 10 - TITLE STATEMENT | |
| Title | รายงานการพิจารณาร่างพระราชบัญญัติเงินเดือน เงินวิทยฐานะ และเงินประจำตำแหน่งข้าราชการครูและบุคลากรทางการศึกษา พ.ศ..... ของคณะกรรมาธิการวิสามัญพิจารณาร่างพระราชบัญญัติระเบียบข้าราชการครูและบุคลากรทางการศึกษา พ.ศ..... |
| 260 3# - PUBLICATION, DISTRIBUTION, ETC. | |
| Place of publication, distribution, etc. | กรุงเทพฯ : |
| Name of publisher, distributor, etc. | สำนักกรรมาธิการ 3 สำนักงานเลขาธิการวุฒิสภา, |
| Date of publication, distribution, etc. | 2547 |
| 300 ## - PHYSICAL DESCRIPTION | |
| Extent | 1 เล่ม : |
| Other physical details | ตาราง ; |
| Dimensions | 29 ซม. |
| 610 ## - SUBJECT ADDED ENTRY--CORPORATE NAME | |
| Corporate name or jurisdiction name as entry element | สำนักงานเลขาธิการวุฒิสภา. สำนักกรรมาธิการ 3 |
| 650 04 - SUBJECT ADDED ENTRY--TOPICAL TERM | |
| Topical term or geographic name entry element | ครู -- เงินประจำตำแหน่ง -- กฎหมายและระเบียบข้อบังคับ |
| 650 04 - SUBJECT ADDED ENTRY--TOPICAL TERM | |
| Topical term or geographic name entry element | ครู -- เงินเดือน -- กฎหมายและระเบียบข้อบังคับ |
| 650 04 - SUBJECT ADDED ENTRY--TOPICAL TERM | |
| Topical term or geographic name entry element | เงินประจำตำแหน่ง -- กฎหมายและระเบียบข้อบังคับ |
| 650 04 - SUBJECT ADDED ENTRY--TOPICAL TERM | |
| Topical term or geographic name entry element | เงินเดือน -- กฎหมายและระเบียบข้อบังคับ |
| 650 04 - SUBJECT ADDED ENTRY--TOPICAL TERM | |
| Topical term or geographic name entry element | เงินเดือน -- กฎหมายและระเบียบข้อบังคับเงินประจำตำแหน่ง -- กฎหมายและระเบียบข้อบังคับครู -- เงินเดือน -- กฎหมายและระเบียบข้อบังคับครู -- เงินประจำตำแหน่ง -- กฎหมายและระเบียบข้อบังคับ |
| 850 ## - HOLDING INSTITUTION | |
| Holding institution | NALT |
| 856 40 - ELECTRONIC LOCATION AND ACCESS | |
| Uniform Resource Identifier | <a href="https://hdl.handle.net/20.500.14156/465283">https://hdl.handle.net/20.500.14156/465283</a> |
| 942 ## - ADDED ENTRY ELEMENTS (KOHA) | |
| Koha item type | Law Book |
| Source of classification or shelving scheme | Library of Congress Classification |
| 998 ## - STAFF NAME (NALT) | |
| -- | 109 |
| -- | อารีรัตน์ วิชาช่าง |
| Withdrawn status | Lost status | Damaged status | Not for loan | Collection code | Home library | Current library | Total Checkouts | Full call number | Barcode | Date last seen | Price effective from | Koha item type |
|---|---|---|---|---|---|---|---|---|---|---|---|---|
| Law Book collection | National Assembly Library of Thailand | National Assembly Library of Thailand | KQ 24 ว872ร 2547 | 3961152577 | 09/06/2017 | 09/06/2017 | Law Book |
